| 000 | 00806nam a2200229 i 4500 | ||
|---|---|---|---|
| 003 | DO-SdBNP | ||
| 005 | 20240625091824.0 | ||
| 007 | ta | ||
| 008 | 240625s2001 dr r 000 0 spa d | ||
| 040 |
_aDO-SdBNP _bspa _cBNPHU _erda |
||
| 082 |
_bG216h _222 |
||
| 100 |
_aGarcia Martínez, Ramón _935398 _eautor |
||
| 245 | 1 | 3 |
_aLos hechos mas importantes de la historia dominicana 1492-2002 : _bun aporte histórico real que condensa los momentos más trascendentales y decisivos de nuestra historia / _cRamón Garcia Martinez |
| 264 | 1 |
_aSanto Domingo : _bMontalvo, _c2002. |
|
| 300 |
_a59 páginas ; _c24 cm. |
||
| 336 |
_2rdacontent _atexto _btxt |
||
| 337 |
_2rdamedia _asin mediación _bn |
||
| 338 |
_2rdacarrier _avolumen _bnc |
||
| 590 | _aInventariado, 2024/ DG | ||
| 910 | _aDG | ||
| 942 |
_2ddc _cLBS1 |
||
| 999 |
_c56956 _d56956 |
||